000 00426pab a2200145 454500
008 180718b2006 xxu||||| |||| 00| 0 eng d
100 _aCheibub, Jose Antonio
245 _aPresidentialism, electoral identifiability, and budget balances in democratic systems
260 _c2006
300 _ap.353-68.
362 _aAug
650 _aPolitics and government
773 _aAmerican Political Science Review
909 _a71695
999 _c71695
_d71695